| 000 | 01448cab a22002535a 4500 | ||
|---|---|---|---|
| 001 | L141286 | ||
| 008 | 071112e20071026xxk f 000 0 eng d | ||
| 035 | _a(Sirsi) u141286 | ||
| 041 | 0 | _aeng | |
| 100 | 1 | _aNaylor, James | |
| 245 | 0 | 4 | _aThe law's an apse |
| 260 | _c2007 | ||
| 490 |
_aEstates Gazette _v(2) 26 October 2007, 1500-1501(2) |
||
| 520 | _aDescribes Chancel Repair Liability (CRL) and argues that it is arcane in nature and should be abolished. CRL is a liability to repair church chancels when land is purchased from the Church of England. It is enforceable by Parochial Church Councils which are able to instigate proceedings for recovery of repair money. Uncertainty surrounding the issue renders a number of homes unsellable. There are some 5 200 CRLs affecting over 4 000 private landowners. They are not capped and it is often difficult to establish their extent. Insurance is one solution, since recent legislation provides little protection from CRL litigation. | ||
| 590 | _aKA | ||
| 650 | 2 | 4 | _aPAROCHIAL CHURCH COUNCIL OF THE PARISH OF ASTON CANTLOW AND WILMCOTE WITH BILLESLEY WARWICKSHIRE V WALLBANK |
| 650 | 2 | 4 | _aHUMAN RIGHTS ACT 1998 |
| 650 | 2 | 4 | _aCHANCEL REPAIRS ACT 1932 |
| 650 | 2 | 4 | _aHOME INFORMATION PACK (NO.2) REGULATIONS 2007 |
| 650 | 2 | 4 | _aLAND REGISTRATION ACT 2002 |
| 651 | 4 |
_aUnited Kingdom _y |
|
| 690 | _aPROPERTY-OTHER PROPERTY TYPES-RELIGIOUS PROPERTY-CHURCH AND CHAPEL PROPERTY | ||
| 942 | _n0 | ||
| 999 |
_c79437 _d79437 |
||